Najwięcej meczów w Bayernie Monachium - Statystyki

Ogólne statystyki
  • Ten quiz został rozwiązany 388 razy
    81 od ostatniego zresetowania
  • Średni wynik to 5 z 10
Statystyki odpowiedzi
Okres Zawodnik Mecze % Poprawnych
1964–1979 Gerd Müller 607
99%
2008- Thomas Müller 712
99%
2011- Manuel Neuer 526
91%
2002–2017 Philipp Lahm 517
65%
1964–1977 Franz Beckenbauer 582
57%
1994–2008 Oliver Kahn 632
57%
1962–1980 Sepp Maier 709
20%
1976–1991 Klaus Augenthaler 545
4%
1972–1985 Bernd Dürnberger 505
1%
1966–1981 Georg Schwarzenbeck 554
1%
Nie znaleziono quizów pasujących do podanych kryteriów
Rozkład punktacji
Procent ludzi z każdym wynikiem
Percentyl według liczby udzielonych odpowiedzi
Twoja historia wyników
Nie rozwiązałeś tego quizu od ostatniego zresetowania